Zelená ekonomika v súčinnosti s prírodou

Strategické priority s cieľom dosahovania ekonomického rastu v súčinnosti s ekológiou. Multikriteriálna analýza, zohľadňuje nepriame efekty v podobe environmentálnych a sociálnych aspektov.

Saved in:
Bibliographic Details
Main Author: Šabíková, Ingrid
Other Authors: Čiernik, Anton
Format: Book Chapter
Language:Slovak
Subjects:
Tags: Add Tag
No Tags, Be the first to tag this record!

MARC

LEADER 00000nla a2200000 4500
001 0195451
005 20240502073258.5
041 0 |a slo 
044 |a SK 
245 1 0 |a Zelená ekonomika v súčinnosti s prírodou  |c Ingrid Šabíková, Anton Čiernik 
520 |a Strategické priority s cieľom dosahovania ekonomického rastu v súčinnosti s ekológiou. Multikriteriálna analýza, zohľadňuje nepriame efekty v podobe environmentálnych a sociálnych aspektov. 
610 2 0 |a ekológia 
610 2 0 |a prostredie životné 
610 2 0 |a rozvoj trvalo udržateľný 
610 2 0 |a environmentalistika 
610 2 0 |a ekonomika environmentálna 
100 1 |a Šabíková, Ingrid 
700 1 |a Čiernik, Anton